Every Album in the Library of Congress - Statistics

General Stats
  • This quiz has been taken 4 times
  • The average score is 17 of 196
Answer Stats
Year Artist Answer % Correct
1994 Nas Illmatic
100%
1976 Stevie Wonder Songs in the Key of Life
100%
1973 Pink Floyd The Dark Side of the Moon
100%
1970 Santana Abraxas
50%
1977 Steely Dan Aja
50%
1964 John Coltrane A Love Supreme
50%
1967 The Jimi Hendrix Experience Are You Experienced
50%
1970 Crosby, Stills, Nash & Young Déjà Vu
50%
1959 John Coltrane Giant Steps
50%
1973 Herbie Hancock Headhunters
50%
1959 Miles Davis Kind of Blue
50%
1963 James Brown Live at the Apollo
50%
2011 C418 Minecraft: Volume Alpha
50%
1959 Charles Mingus Mingus Ah-Um
50%
1956 musical soundtrack My Fair Lady
50%
1943 musical soundtrack Oklahoma!
50%
1966 The Beach Boys Pet Sounds
50%
1984 Prince Purple Rain
50%
1976 Ramones Ramones
50%
1967 The Beatles Sgt. Pepper's Lonely Hearts Club Band
50%
1971 Isaac Hayes Shaft
50%
1964 Lee Morgan Sidewinder
50%
1971 Carole King Tapestry
50%
1969 The Band The Band
50%
1978 The Cars The Cars
50%
1998 Lauryn Hill The Miseducation of Lauryn Hill
50%
1959 Ornette Coleman The Shape of Jazz to Come
50%
1965 movie soundtrack The Sound of Music
50%
1975 musical soundtrack The Wiz
50%
1982 Michael Jackson Thriller
50%
1989 De La Soul 3 Feet High and Rising
0%
1965 The Vince Guaraldi Trio A Charlie Brown Christmas
0%
1982 Gothic Voices A Feather on the Breath of God
0%
1989 Queen Latifah All Hail the Queen
0%
1954 Art Blakey A Night at Birdland (vols. 1 and 2)
0%
1976 ABBA Arrival
0%
1968 Johnny Cash At Folsom Prison
0%
1978 Steve Martin A Wild and Crazy Guy
0%
1965 Eddie Palmieri Azucar Pa' Ti
0%
2006 Amy Winehouse Back to Black
0%
1977 Grateful Dead Barton Hall Concert at Cornell University
0%
1970 Miles Davis Bitches Brew
0%
1972 New York Strings Quartet Black Angels
0%
1985 Wynton Marsalis Black Codes
0%
1959 John Fahey Blind Joe Death
0%
1976 Clifton Chenier Bogalusa Boogie
0%
1975 Bruce Springsteen Born to Run
0%
1967 Albert King Born Under a Bad Sign
0%
1976 Pat Metheny Bright Size Life
0%
1956 Thelonious Monk Brilliant Corners
0%
1997 musical soundtrack Buena Vista Social Club
0%
1973 The Wailers Burnin'
0%
1956 Harry Belafonte Calypso
0%
1987 Linda Ronstadt Canciones de mi Padre
0%
1966 Buck Owens Carnegie Hall Concert with Buck Owens
0%
1974 Celia Cruz & Johnny Pacheco Celia & Johnny
0%
1968 Big Brother and the Holding Company Cheap Thrills
0%
1978 Cheap Trick Cheap Trick at Budokan
0%
1969 Chicago Chicago Transit Authority
0%
2012 David Shifrin & Friends Concerto for Clarinet and Chamber Orchestra
0%
1974 Aaron Copland Copland Conducts Copland
0%
1938 musical soundtrack Cradle Will Rock
0%
1958 Tito Puente Dance Mania
0%
1988 Sonic Youth Daydream Nation
0%
1957 Cachao Y Su Ritmo Caliente Descargas: Cuban Jam Session in Miniature
0%
1994 Green Day Dookie
0%
1960 Michael Babatunde Olatunji Drums of Passion
0%
1969 Dusty Springfield Dusty in Memphis
0%
1969 Eubie Blake Eighty-Six Years of Eubie Blake
0%
1979 Philip Glass Einstein on the Beach
0%
1956 Duke Ellington Ellington at Newport
0%
1993 Wu-Tang Clan Enter the Wu-Tang (36 Chambers)
0%
1999 Colorado Symphony Orchestra Fanfares for the Uncommon Woman
0%
1990 Public Enemy Fear of a Black Planet
0%
1964 musical soundtrack Fiddler on the Roof
0%
1976 Steve Miller Band Fly Like an Eagle
0%
1946 Travis Merle Folk Songs of the Hills
0%
1967 Love Forever Changes
0%
1972 Joni Mitchell For the Roses
0%
1962 Dexter Gordon Go!
0%
1973 Elton John Goodbye Yellow Brick Road
0%
1986 Paul Simon Graceland
0%
1962 Booker T and the MG's Green Onions
0%
1959 Marty Robbins Gunfighter Ballads and Trail Songs
0%
1950 musical soundtrack Guys & Dolls
0%
1959 musical soundtrack Gypsy
0%
1968 musical soundtrack Hair
0%
2015 musical soundtrack Hamilton
0%
1974 Linda Ronstadt Heart like a Wheel
0%
1975 Patti Smith Horses
0%
1960 Wes Montgomery Incredible Jazz Guitar of Wes Montgomery
0%
1964 Buffy Sainte-Marie It's My Way!
0%
1931 Boswell Sisters It's the Girl
0%
1975 Thelma Houston I've Got the Music in Me
0%
1989 Janet Jackson Janet Jackson's Rhythm Nation 1814
0%
1975 J.D Crowe & the New South J.D Crowe & the New South
0%
1960 Joan Baez Joan Baez
0%
1961 Judy Garland Judy at Carnegie Hall
0%
1949 musical soundtrack Kiss Me, Kate
0%
1974 Jackson Browne Late for the Sky
0%
1985 Madonna Like a Virgin
0%
1965 B.B. King Live at the Regal
0%
1975 Fania All-Stars Live at Yankee Stadium
0%
1973 Sarah Vaughan Live in Japan
0%
2004 Maria Schneider Maria Schneider’s Concert in the Garden
0%
1986 Metallica Master of Puppets
0%
1959 Mormon Tabernacle Choir Messiah
0%
1973 Fred Rogers Mister Rogers Sings: 21 Favorite Songs from “Mister Rogers’ Neighborhood”
0%
1976 Parliament Mothership Connection
0%
1994 Mary J. Blige My Life
0%
1991 Nirvana Nevermind
0%
1964 Sweet Emma and Her Preservation Hall Jazz Band New Orleans’ Sweet Emma Barrett and Her Preservation Jazz Band
0%
1967 Steve Reich New Sounds in Electronic Music
0%
1989 Bonnie Raitt Nick of Time
0%
1997 Radiohead OK Computer
0%
1972 Ola Belle Reed Ola Belle Reed
0%
1960 Clarence Ashley's Old Time Music at Clarence Ashley's
0%
1972 Larry Norman Only Visiting This Planet
0%
1943 musical soundtrack Othello
0%
2002 Chanticleer Our American Journey
0%
1978 Blondie Parallel Lines
0%
1992 Flaco Jimenez Partners
0%
1962 James Cleveland Peace Be Still
0%
1964 Barbra Streisand People
0%
2008 Colin Currie Percussion Concerto
0%
1971 Milton Babbitt Philomel
0%
1958 Edgard Varese Poem Electronique
0%
1940 musical soundtrack Porgy and Bess
0%
1984 Tina Turner Private Dancer
0%
1986 Run-DMC Raising Hell
0%
1994 The Notorious B.I.G. Ready to Die
0%
1975 Willie Nelson Red Headed Stranger
0%
1980 Talking Heads Remain in Light
0%
1977 Fleetwood Mac Rumours
0%
1977 movie soundtrack Saturday Night Fever
0%
1956 Sonny Rollins Saxophone Colossus
0%
1995 TV soundtrack Sesame Street: All-Time Platinum Favorites
0%
1983 Cyndi Lauper She's So Unusual
0%
1932 musical soundtrack Show Boat
0%
1997 Renee Fleming Signatures
0%
1967 Morton Subotnick Silver Apples of the Moon
0%
1954 Frank Sinatra Songs for Young Lovers
0%
2001 Alicia Keys Songs in A Minor
0%
1966 Simon and Garfunkel Sounds of Silence
0%
1949 musical soundtrack South Pacific
0%
1969 Sly and the Family Stone Stand!
0%
1977 movie soundtrack Star Wars
0%
1988 N.W.A Straight Outta Compton
0%
1951 musical soundtrack Streetcar Named Desire
0%
1972 Curtis Mayfield Superfly
0%
1967 Jefferson Airplane Surrealistic Pillow
0%
1979 musical soundtrack Sweeney Todd
0%
1983 The Police Synchronicity
0%
1960 Mance Lipscomb Texas Sharecropper and Songster
0%
1971 The Allman Brothers Band The Allman Brothers Band at Fillmore East
0%
1980 Betty Carter The Audience with Betty Carter
0%
1996 TV soundtrack The Best of Schoolhouse Rock
0%
2001 Jay-Z The Blueprint
0%
1992 Dr. Dre The Chronic
0%
1947 Ray Bolger The Churkendoose
0%
1967 The Doors The Doors
0%
1963 Bob Dylan The Freewheelin' Bob Dylan
0%
1972 movie soundtrack The Harder They Come
0%
1976 The Eagles Their Greatest Hits
0%
1987 U2 The Joshua Tree
0%
1975 Keith Jarrett The Kӧln Concert
0%
1991 A Tribe Called Quest The Low End Theory
0%
1958 TV soundtrack Theme from "Peter Gunn"
0%
1972 David Bowie The Rise and Fall of Ziggy Stardust and the Spiders from Mars
0%
1967 The Velvet Underground The Velvet Underground and Nico
0%
1908 Cuarteto Coculense The Very First Mariachi Recordings
0%
1966 The Who The Who Sings My Generation
0%
1959 Dave Brubeck Quartet Time Out
0%
1953 Professor Longhair Tipitina
0%
1966 Mississippi John Hurt Today!
0%
1960 The Shirelles Tonight's the Night
0%
1988 Tracy Chapman Tracy Chapman
0%
1969 Captain Beefheart and His Magic Band Trout Mask Replica
0%
1945 Victor Jory Tubby the Tuba
0%
1955 Tuskegee Institute Choir Tuskegee Institute Choir Sings Spirituals
0%
1946 Harry Partch and Gate 5 Ensemble U.S. Highball
0%
1990 Selena Ven Conmigo
0%
1989 Robert Shaw Festival Singers Vespers
0%
1963 Benjamin Britten War Requiem
0%
1960 Max Roach We Insist!
0%
1968 Frank Zappa and the Mothers of Invention We're Only In It for the Money
0%
1963 Pete Seeger We Shall Overcome
0%
1957 musical soundtrack West Side Story
0%
1959 Ray Charles What'd I Say
0%
1971 Marvin Gaye What's Going On
0%
1998 The Chicks Wide Open Spaces
0%
1976 The Wild Tchoupitoulas Wild Tchoupitoulas
0%
1972 Nitty Gritty Dirt Band Will the Circle Be Unbroken
0%
1958 Eastman Wind Ensemble Winds in Hi-Fi
0%
1966 Ella Jenkins You'll Sing a Song and I'll Sing a Song
0%
1996 Yo-Yo Ma Yo-Yo Ma Premieres Concertos for Violoncello and Orchestra
0%
No matching quizzes found
Score Distribution
Percent of People with Each Score
Percentile by Number Answered
Your Score History
You have not taken this quiz